00241 a2200097 450000100060000008200140000610000230002024500550004325000070009826000380010584990 a519.1 MEN aWilliam Mendenhall aIntroduction to Probability and Statistics 13th/ed a13 aAustraliabCengage Learningc2011